Hát kể truyện cổ Raglai Anai Mapraik & Anaow Puah Taih Ong
Giới thiệu tập truyện cổ gồm hai truyện: Anai Mapraik và Anaow Puah Taih Ong, do nghệ nhân hát kể Tạ Yên Thị Marong trình bày. Cả hai truyện đều hát theo điệu Simoi có nghĩa là hát kể truyện cổ
Gespeichert in:
| Format: | Buch |
|---|---|
| Sprache: | Undetermined |
| Veröffentlicht: |
Hà Nội
Hội Nhà văn
2016
|
| Schlagworte: | |
| Tags: |
Tag hinzufügen
Keine Tags, Fügen Sie den ersten Tag hinzu!
|
| Thư viện lưu trữ: | Trung tâm Học liệu Trường Đại học Cần Thơ |
|---|
| LEADER | 00906nam a2200181Ia 4500 | ||
|---|---|---|---|
| 001 | CTU_216764 | ||
| 008 | 210402s9999 xx 000 0 und d | ||
| 082 | |a 398.209597 | ||
| 082 | |b H110 | ||
| 245 | 0 | |a Hát kể truyện cổ Raglai Anai Mapraik & Anaow Puah Taih Ong | |
| 245 | 0 | |c Sử Văn Ngọc, Sử Thị Gia Trang (biên soạn, sưu tầm, giới thiệu) | |
| 260 | |a Hà Nội | ||
| 260 | |b Hội Nhà văn | ||
| 260 | |c 2016 | ||
| 520 | |a Giới thiệu tập truyện cổ gồm hai truyện: Anai Mapraik và Anaow Puah Taih Ong, do nghệ nhân hát kể Tạ Yên Thị Marong trình bày. Cả hai truyện đều hát theo điệu Simoi có nghĩa là hát kể truyện cổ | ||
| 650 | |a Văn học dân gian,Folk literature | ||
| 904 | |i Sang (Nguyên) | ||
| 980 | |a Trung tâm Học liệu Trường Đại học Cần Thơ | ||